The Transparency edge : how credibility can make or break you in business

Bibliographic Details
Main Author: Pagano, Barbara
Other Authors: Pagano, Elizabeth
Format: Book
Published: New York : McGraw-Hill , 2004
Subjects:

MARC

LEADER 00000cam a2200000 7i4500
001 0000077310
005 20040524.0
020 |a 0071422544 
090 0 0 |a 658.4092   |b PAG 
100 1 |a Pagano, Barbara 
245 1 4 |a The Transparency edge :   |b how credibility can make or break you in business   |c Barbara Pagano, Elizabeth Pagano 
260 |a New York :   |b McGraw-Hill ,   |c 2004 
300 |a 222p. ;   |c 24. 
650 0 0 |a Business ethics 
650 0 0 |a Leadership   |x Moral and ethical aspects 
700 1 |a Pagano, Elizabeth 
999 |a 00165159   |b BUKU   |c PINJAMAN   |e PERPUSTAKAAN KOMUNITI PETALING JAYA